[Event "18th Brasschaat Open 2018"]
[Site "Brasschaat"]
[Date "2018.08.22"]
[Round "5"]
[White "Grochal, Joey"]
[Black "Naalden, Marc"]
[Result "1-0"]
[WhiteElo "2300"]
[BlackElo "1860"]
[Annotator "NA"]
[PlyCount "53"]
[EventDate "2018.08.18"]
[EventType "swiss"]
[EventCountry "BEL"]
[SourceTitle "playchess.com"]
[Source "ChessBase"]
[SourceQuality "1"]
[TimeControl "40/5400+30:1800+30"]

1. d4 {[%emt 0:00:00]} Nf6 {[%emt 0:00:00]} 2. c4 {[%emt 0:00:00]} c5 {[%emt 0:00:00]} 3. d5 {[%emt 0:00:00]} b5 {[%emt 0:00:00]} 4. cxb5 {[%emt 0:00:00]} a6 {[%emt 0:00:01]} 5. bxa6 {[%emt 0:00:00]} Bxa6 {[%emt 0:00:19]} 6. Nc3 {[%emt 0:00:04]} g6 {[%emt 0:00:30]} 7. Nf3 {[%emt 0:00:09]} Bg7 {[%emt 0:00:08]} 8. e4 {[%emt 0:00:05]} Bxf1 {[%emt 0:00:17]} 9. Kxf1 {[%emt 0:00:02]} d6 {[%emt 0:00:16]} 10. g3 {[%emt 0:00:15]} O-O {[%emt 0:00:12]} 11. Kg2 {[%emt 0:00:07]} Nbd7 {[%emt 0:01:40]} 12. a4 {[%emt 0:00:32] A59: Benko/Volga Gambit: White castles by hand} Ne8 {[%emt 0:02:00]} (12... Ra6 13. Re1 Qa8 14. Nb5 Rc8 15. Ra3 Ne8 16. Qc2 Nc7 17. Nxc7 Rxc7 18. b4 cxb4 19. Qxc7 bxa3 20. Bxa3 Rxa4 21. Qxd7 {0-1 (37) Vallejo Pons,F (2711)-Tregubov,P (2585) Tallinn 2016}) 13. Nb5 $146 {[%emt 0:07:11]} ({Predecessor:} 13. Bf4 Ra6 14. Re1 f6 15. Nd2 Nc7 16. a5 f5 17. f3 h6 18. Nc4 g5 19. Bd2 Ne5 20. Nxe5 Bxe5 {1-0 (42) Henderson de la Fuente,L (2463)-Nun,J (2306) Pardubice 2018}) 13... Nc7 {[%emt 0:00:42]} 14. Nxc7 {[%emt 0:00:09]} Qxc7 {[%emt 0:00:10]} 15. Qc2 {[%emt 0:00:05]} Rfb8 {[%emt 0:00:31]} 16. Ra2 {[%emt 0:00:54]} Qb7 {[%emt 0:03:34]} 17. Bg5 {[%emt 0:01:37]} e6 {[%emt 0:06:10]} 18. Rd1 {[%emt 0:03:31]} ({White should try} 18. dxe6 $14 fxe6 19. a5) 18... Ne5 {[%emt 0:13:27]} 19. dxe6 {[%emt 0:12:13]} Nxf3 {[%emt 0:00:11]} 20. Kxf3 {[%emt 0:00:05]} f5 {[%emt 0:15:08]} 21. Rxd6 {[%emt 0:13:11]} fxe4+ {[%emt 0:02:47]} 22. Qxe4 {[%emt 0:04:46]} Qb3+ {[%emt 0:00:48]} (22... Rf8+ $16 {war nötig.} 23. Bf4 Qb3+ 24. Kg2 Qxa2) 23. Kg2 {[%emt 0:00:02]} Qxa2 $18 {[%emt 0:00:25]} 24. e7 {[%emt 0:00:11]} Bf8 {[%emt 0:07:21]} 25. Rd5 {[%emt 0:20:44]} Bg7 {[%emt 0:11:14]} 26. Qe6+ {[%emt 0:00:11]} Kh8 {[%emt 0:00:05]} 27. Rd8+ {[%emt 0:00:11]} 1-0

[Event "18th Brasschaat Open 2018"]
[Site "Brasschaat"]
[Date "2018.08.22"]
[Round "5"]
[White "Draftian, Ashote"]
[Black "Kazarian, Anna-Maja"]
[Result "1/2-1/2"]
[WhiteElo "2247"]
[BlackElo "2183"]
[Annotator "NA"]
[PlyCount "54"]
[EventDate "2018.08.18"]
[EventType "swiss"]
[EventCountry "BEL"]
[SourceTitle "playchess.com"]
[Source "ChessBase"]
[SourceQuality "1"]
[TimeControl "40/5400+30:1800+30"]

1. e4 {[%emt 0:00:00]} c6 {[%emt 0:00:00]} 2. c4 {[%emt 0:00:00]} d5 {[%emt 0:00:02]} 3. exd5 {[%emt 0:00:00]} cxd5 {[%emt 0:00:07]} 4. cxd5 {[%emt 0:00:00]} Nf6 {[%emt 0:00:05]} 5. Qa4+ {[%emt 0:00:20]} Nbd7 {[%emt 0:03:11]} 6. Nc3 {[%emt 0:00:27]} g6 {[%emt 0:01:07]} 7. g3 {[%emt 0:07:07]} Bg7 {[%emt 0:00:54]} 8. Bg2 {[%emt 0:03:02]} O-O {[%emt 0:00:11]} 9. Nge2 {[%emt 0:01:33]} Nb6 {[%emt 0:05:52] LiveBook: 5 Games B10: Caro-Kann-Verteidigung} 10. Qb3 {[%emt 0:03:43]} Bf5 {[%emt 0:06:38]} 11. O-O {[%emt 0:03:01]} Bd3 {[%emt 0:02:51]} 12. Rd1 $146 {[%emt 0:30:06]} ({Vorgänger:} 12. d6 Qxd6 13. Bxb7 Rab8 14. Bg2 Nc4 15. Qd1 Nxb2 16. Bxb2 Rxb2 17. Re1 {0-1 (38) Shaposhnikov,E (2554)-Amonatov,F (2557) chessassistantclub.com INT 2004}) 12... Nfxd5 {[%emt 0:29:47]} 13. Bxd5 {[%emt 0:12:13]} Nxd5 {[%emt 0:00:29]} 14. Nxd5 {[%emt 0:01:47]} Bxe2 {[%emt 0:00:11]} 15. Re1 {[%emt 0:01:21]} Bg4 {[%emt 0:01:22]} 16. Qxb7 {[%emt 0:04:52]} Rb8 {[%emt 0:10:24]} 17. Nxe7+ {[%emt 0:07:46]} Kh8 {[%emt 0:00:15]} 18. Qe4 $11 {[%emt 0:01:26]} Qd7 {[%emt 0:04:41]} 19. d4 {[%emt 0:07:34]} Bxd4 {[%emt 0:08:51]} 20. h3 {[%emt 0:03:37]} Bxh3 {[%emt 0:01:17]} 21. Bh6 {[%emt 0:02:18]} Rxb2 {[%emt 0:08:20]} 22. Rad1 {[%emt 0:00:48]} Bxf2+ {[%emt 0:02:12]} 23. Kh1 {[%emt 0:00:04]} Qb5 {[%emt 0:02:14]} 24. Bxf8 {[%emt 0:02:07]} Bg2+ {[%emt 0:03:20]} 25. Qxg2 {[%emt 0:00:59]} Qh5+ {[%emt 0:00:09]} 26. Qh2 {[%emt 0:00:07]} Qf3+ {[%emt 0:00:45]} 27. Qg2 {[%emt 0:00:05]} Qh5+ {[%emt 0:00:07]} 1/2-1/2

[Event "18th Brasschaat Open 2018"]
[Site "Brasschaat"]
[Date "2018.08.22"]
[Round "5"]
[White "Dauw, Sterre"]
[Black "Raats, Joppe"]
[Result "1-0"]
[WhiteElo "2192"]
[BlackElo "1862"]
[Annotator "NA"]
[PlyCount "61"]
[EventDate "2018.08.18"]
[EventType "swiss"]
[EventCountry "BEL"]
[SourceTitle "playchess.com"]
[Source "ChessBase"]
[SourceQuality "1"]
[TimeControl "40/5400+30:1800+30"]

1. e4 {[%emt 0:00:00]} e5 {[%emt 0:00:00]} 2. Nf3 {[%emt 0:00:00]} Nc6 {[%emt 0:00:00]} 3. d4 {[%emt 0:00:00]} exd4 {[%emt 0:00:00]} 4. Nxd4 {[%emt 0:00:00]} Bb4+ {[%emt 0:00:00]} 5. c3 {[%emt 0:00:20]} Bc5 {[%emt 0:00:08]} 6. Be3 {[%emt 0:00:06]} Bb6 {[%emt 0:00:08]} 7. Nf5 {[%emt 0:00:14]} Bxe3 {[%emt 0:00:45] C45: Scotch Game} 8. Nxe3 {[%emt 0:00:06]} d6 {[%emt 0:00:26]} (8... Nf6 9. f3 O-O 10. c4 d6 11. Nc3 Nd7 12. Be2 Nc5 13. O-O a5 14. Qd2 Bd7 15. f4 {1-0 (37) Idani,P (2572)-Gordievsky,D (2653) Qinhuangdao 2018}) 9. c4 {[%emt 0:00:31]} Nf6 {[%emt 0:03:33]} 10. Nc3 {[%emt 0:00:35]} O-O {[%emt 0:01:46]} 11. Bd3 {[%emt 0:00:41]} Ne5 {[%emt 0:04:05] LiveBook: 3 Games} 12. O-O {[%emt 0:01:05]} Re8 {[%emt 0:05:57]} 13. h3 $146 {[%emt 0:16:51]} ({Predecessor:} 13. f4 Ng6 14. Qd2 Bd7 15. Rae1 {0-1 (42) Djuraev,S (2353)-Faizulaev,A (2315) Tashkent 2015}) 13... b6 {[%emt 0:08:38]} 14. Rc1 {[%emt 0:00:55]} Bb7 {[%emt 0:03:58]} 15. Ned5 {[%emt 0:00:30]} Nxd3 {[%emt 0:20:20]} 16. Qxd3 {[%emt 0:01:05]} c6 {[%emt 0:01:39]} 17. Ne3 {[%emt 0:06:14]} Qd7 {[%emt 0:06:47]} 18. Rfd1 {[%emt 0:08:57]} Rad8 {[%emt 0:02:25]} 19. Nf5 {[%emt 0:15:35]} Nxe4 {[%emt 0:16:14]} 20. Nh6+ {[%emt 0:03:08]} gxh6 {[%emt 0:03:35]} 21. Nxe4 $11 {[%emt 0:00:45]} Re6 {[%emt 0:04:31]} 22. Qd4 {[%emt 0:07:42]} c5 {[%emt 0:02:35]} 23. Nf6+ {[%emt 0:00:50]} Kg7 {[%emt 0:03:09]} 24. Nh5+ {[%emt 0:03:48]} Kf8 {[%emt 0:00:06]} 25. Qg7+ {[%emt 0:01:42]} Ke7 {[%emt 0:00:10]} 26. Re1 {[%emt 0:02:57]} Qc6 {[%emt 0:06:39]} 27. Qf6+ {[%emt 0:00:26]} Kd7 {[%emt 0:00:04]} 28. Qxf7+ {[%emt 0:00:13]} Kc8 {[%emt 0:00:52]} 29. Qxe6+ {[%emt 0:00:07]} Kb8 {[%emt 0:00:17]} 30. Nf4 {[%emt 0:00:07]} Rf8 {[%emt 0:00:21]} 31. Nd5 {[%emt 0:00:07]} 1-0

[Event "18th Brasschaat Open 2018"]
[Site "Brasschaat"]
[Date "2018.08.22"]
[Round "5"]
[White "Den Hartog, Marijn"]
[Black "Baselmans, Luuk"]
[Result "1-0"]
[WhiteElo "2118"]
[BlackElo "2100"]
[Annotator "NA"]
[PlyCount "155"]
[EventDate "2018.08.18"]
[EventType "swiss"]
[EventCountry "BEL"]
[SourceTitle "playchess.com"]
[Source "ChessBase"]
[SourceQuality "1"]
[TimeControl "40/5400+30:1800+30"]

1. d4 {[%emt 0:00:00]} e6 {[%emt 0:00:00]} 2. Nf3 {[%emt 0:00:00]} Nf6 {[%emt 0:00:00]} 3. g3 {[%emt 0:00:00]} b6 {[%emt 0:00:24]} 4. Bg2 {[%emt 0:00:00]} Bb7 {[%emt 0:00:05]} 5. O-O {[%emt 0:00:06]} d6 {[%emt 0:01:54]} 6. c4 {[%emt 0:01:23] LiveBook: 23 Games} Nbd7 {[%emt 0:00:38] E16: Queen's Indian: 4 g3 Bb7 5 Bg2 Bb4+} 7. d5 {[%emt 0:06:56]} e5 {[%emt 0:01:40]} 8. Nc3 {[%emt 0:02:17]} a5 {[%emt 0:01:07]} 9. e4 {[%emt 0:01:44]} Nc5 $146 {[%emt 0:01:33]} ({Predecessor:} 9... Be7 10. Nh4 g6 11. Bh6 Nh5 12. Nf5 Bf6 13. Bf3 Nf4 14. gxf4 gxf5 15. exf5 {1-0 (38) Froehlich,P (2445)-Gilbert,C (2112) Metz 2001}) 10. Re1 {[%emt 0:02:30]} g6 {[%emt 0:02:13]} 11. Rb1 {[%emt 0:02:05]} Bg7 {[%emt 0:00:40]} 12. Qc2 {[%emt 0:00:16]} O-O {[%emt 0:01:27]} 13. Bg5 {[%emt 0:00:30]} h6 {[%emt 0:05:11]} 14. Bd2 {[%emt 0:00:24]} Bc8 {[%emt 0:02:18]} 15. Nh4 {[%emt 0:01:19]} Kh7 {[%emt 0:06:58]} 16. b3 {[%emt 0:16:30]} Nh5 {[%emt 0:07:07]} 17. Bf3 {[%emt 0:06:13]} Bf6 {[%emt 0:00:34]} 18. Ng2 {[%emt 0:08:42]} Ng7 {[%emt 0:00:23]} 19. h4 {[%emt 0:11:41]} Be7 {[%emt 0:00:40]} 20. a3 {[%emt 0:03:43]} f5 {[%emt 0:00:47]} 21. b4 {[%emt 0:00:10]} fxe4 {[%emt 0:01:05]} 22. Bxe4 {[%emt 0:00:03]} Nxe4 {[%emt 0:00:40]} 23. Nxe4 {[%emt 0:00:05]} axb4 {[%emt 0:02:11]} 24. axb4 {[%emt 0:00:15]} Bf5 {[%emt 0:02:32]} 25. Qc1 {[%emt 0:00:52]} Ra2 {[%emt 0:02:14]} 26. Ra1 $15 {[%emt 0:04:02]} Qa8 {[%emt 0:02:31]} 27. Nc3 {[%emt 0:01:25]} Rxa1 {[%emt 0:01:00]} 28. Qxa1 {[%emt 0:00:02]} Bd3 {[%emt 0:02:11]} 29. Ne3 {[%emt 0:05:09]} Nf5 {[%emt 0:02:11]} 30. Nxf5 {[%emt 0:03:18]} gxf5 {[%emt 0:00:50]} 31. Qd1 {[%emt 0:04:48]} Rg8 {[%emt 0:13:54]} 32. Qf3 {[%emt 0:05:40]} Bxc4 {[%emt 0:00:56]} 33. Qxf5+ {[%emt 0:00:09]} Kh8 {[%emt 0:01:07]} 34. Bxh6 {[%emt 0:12:03]} Qc8 {[%emt 0:03:11]} 35. Qh5 {[%emt 0:01:28]} Qe8 {[%emt 0:00:10]} 36. Qxe8 {[%emt 0:01:08]} Rxe8 {[%emt 0:00:08]} 37. Ra1 {[%emt 0:00:38]} Bf6 {[%emt 0:02:19]} 38. Ra7 {[%emt 0:00:50]} Re7 {[%emt 0:00:44]} 39. Bg5 {[%emt 0:00:26]} Bxg5 {[%emt 0:00:40]} 40. hxg5 {[%emt 0:00:03]} e4 {[%emt 0:03:11]} 41. Ra1 {[%emt 0:06:33]} Re5 {[%emt 0:03:10]} 42. Re1 {[%emt 0:01:00]} Kg7 {[%emt 0:02:17]} 43. Rxe4 {[%emt 0:11:13]} Rxe4 {[%emt 0:00:23]} 44. Nxe4 {[%emt 0:00:02]} Bxd5 {[%emt 0:00:20]} 45. Nf6 {[%emt 0:00:03]} Bf7 {[%emt 0:00:41]} 46. f4 {[%emt 0:00:03]} c5 {[%emt 0:00:37]} 47. bxc5 {[%emt 0:01:17]} dxc5 {[%emt 0:00:09]} 48. Kf2 {[%emt 0:00:31]} c4 {[%emt 0:04:45]} 49. Ke3 {[%emt 0:00:54]} b5 {[%emt 0:01:06]} 50. Kd2 {[%emt 0:03:34]} Kg6 {[%emt 0:04:18]} 51. Kc3 {[%emt 0:02:30]} Kf5 {[%emt 0:00:46]} 52. Nd7 {[%emt 0:00:24]} Be6 {[%emt 0:03:45]} 53. Ne5 {[%emt 0:01:28]} Bg8 {[%emt 0:00:13]} 54. Kd4 {[%emt 0:01:09]} Be6 {[%emt 0:01:29]} 55. Nc6 {[%emt 0:02:45]} Bf7 {[%emt 0:00:54]} 56. Ne7+ {[%emt 0:00:26]} Ke6 {[%emt 0:00:19]} 57. Nd5 {[%emt 0:00:24]} Kf5 {[%emt 0:02:22]} 58. Ne3+ {[%emt 0:00:04]} Kg6 {[%emt 0:00:38]} 59. Kc5 {[%emt 0:00:18]} c3 {[%emt 0:01:04]} 60. Kb4 {[%emt 0:00:14]} c2 {[%emt 0:00:58]} 61. Nxc2 {[%emt 0:00:03]} Kf5 {[%emt 0:00:14]} 62. Nd4+ {[%emt 0:03:08]} Ke4 {[%emt 0:01:59]} 63. Nxb5 {[%emt 0:00:08]} Bg6 {[%emt 0:01:52]} 64. Kc5 {[%emt 0:02:33]} Kf3 {[%emt 0:00:28]} 65. Nd6 {[%emt 0:00:07]} Kg4 {[%emt 0:00:10]} 66. Kd4 {[%emt 0:00:24]} Bb1 {[%emt 0:00:40]} 67. Ne4 {[%emt 0:01:09]} Kf5 {[%emt 0:00:58]} 68. Nf2 {[%emt 0:00:13]} Bc2 {[%emt 0:00:18]} 69. Ke3 {[%emt 0:00:04]} Bb1 {[%emt 0:00:11]} 70. g4+ {[%emt 0:00:05]} Kg6 {[%emt 0:00:15]} 71. Ne4 {[%emt 0:00:14]} Bc2 {[%emt 0:00:09]} 72. f5+ {[%emt 0:00:09]} Kg7 {[%emt 0:00:10]} 73. Kf4 {[%emt 0:00:07]} Bd1 {[%emt 0:00:09]} 74. g6 {[%emt 0:00:33]} Be2 {[%emt 0:00:22]} 75. Kg5 {[%emt 0:00:16]} Bd3 {[%emt 0:00:18]} 76. f6+ {[%emt 0:00:29]} Kg8 {[%emt 0:00:09]} 77. Nd6 {[%emt 0:00:05]} Bc2 {[%emt 0:00:09]} 78. Kh6 {[%emt 0:00:16]} 1-0

[Event "18th Brasschaat Open 2018"]
[Site "Brasschaat"]
[Date "2018.08.22"]
[Round "5"]
[White "Pirard, Natan"]
[Black "Demarre, Jan"]
[Result "1-0"]
[WhiteElo "2067"]
[BlackElo "1741"]
[Annotator "NA"]
[PlyCount "51"]
[EventDate "2018.08.18"]
[EventType "swiss"]
[EventCountry "BEL"]
[SourceTitle "playchess.com"]
[Source "ChessBase"]
[SourceQuality "1"]
[TimeControl "40/5400+30:1800+30"]

1. e4 {[%emt 0:02:21]} e5 {[%emt 0:00:01]} 2. Nf3 {[%emt 0:00:06]} Nc6 {[%emt 0:00:03]} 3. Bb5 {[%emt 0:00:07]} a6 {[%emt 0:00:16]} 4. Ba4 {[%emt 0:00:04]} Nf6 {[%emt 0:00:31]} 5. O-O {[%emt 0:00:07]} d6 {[%emt 0:01:36]} 6. Re1 {[%emt 0:01:26]} b5 {[%emt 0:05:53]} 7. Bb3 {[%emt 0:00:14]} Be7 {[%emt 0:00:04]} 8. a4 {[%emt 0:00:42]} Bb7 {[%emt 0:03:52]} 9. d3 {[%emt 0:00:52]} O-O {[%emt 0:00:22]} 10. Nc3 {[%emt 0:01:33]} b4 {[%emt 0:06:16]} 11. Ne2 {[%emt 0:06:12]} Na5 {[%emt 0:02:07]} 12. Ba2 {[%emt 0:00:05]} c5 {[%emt 0:00:11] LiveBook: 196 Games} 13. Ng3 {[%emt 0:00:41]} Bc8 {[%emt 0:03:44]} 14. c3 {[%emt 0:07:58]} Nc6 {[%emt 0:16:41]} 15. Bg5 {[%emt 0:23:31]} Be6 $11 {[%emt 0:04:55]} 16. Bxe6 {[%emt 0:04:34]} fxe6 {[%emt 0:00:49]} 17. d4 {[%emt 0:00:57]} bxc3 {[%emt 0:03:43]} 18. bxc3 {[%emt 0:00:39]} exd4 {[%emt 0:08:24]} 19. cxd4 {[%emt 0:00:25]} Nd7 {[%emt 0:00:41]} 20. d5 {[%emt 0:12:43]} Nce5 {[%emt 0:05:04]} 21. Nxe5 {[%emt 0:04:09]} Nxe5 {[%emt 0:02:17]} 22. Be3 {[%emt 0:06:23]} Nc4 {[%emt 0:05:05]} 23. dxe6 {[%emt 0:03:32]} Nxe3 {[%emt 0:00:49]} 24. Rxe3 {[%emt 0:01:03]} Bf6 {[%emt 0:00:09]} 25. Qd5 {[%emt 0:01:20]} Qe7 {[%emt 0:00:12]} 26. Nf5 {[%emt 0:00:36]} 1-0

[Event "18th Brasschaat Open 2018"]
[Site "Brasschaat"]
[Date "2018.08.22"]
[Round "5"]
[White "Van Herck, Marcel"]
[Black "Sadkowski, Daniel"]
[Result "1/2-1/2"]
[WhiteElo "2019"]
[BlackElo "2235"]
[Annotator "NA"]
[PlyCount "121"]
[EventDate "2018.08.18"]
[EventType "swiss"]
[EventCountry "BEL"]
[SourceTitle "playchess.com"]
[Source "ChessBase"]
[SourceQuality "1"]
[TimeControl "40/5400+30:1800+30"]

1. d4 {[%emt 0:02:40]} Nf6 {[%emt 0:01:50]} 2. Nf3 {[%emt 0:02:21]} e6 {[%emt 0:04:38]} 3. c4 {[%emt 0:01:33]} d5 {[%emt 0:02:11]} 4. Nc3 {[%emt 0:00:36]} Be7 {[%emt 0:00:18]} 5. Bg5 {[%emt 0:01:08]} Nbd7 {[%emt 0:00:16]} 6. e3 {[%emt 0:01:10]} h6 {[%emt 0:00:16]} 7. Bh4 {[%emt 0:00:38]} O-O {[%emt 0:00:08]} 8. Rc1 {[%emt 0:01:48]} c5 {[%emt 0:00:48]} 9. cxd5 {[%emt 0:19:09]} Nxd5 {[%emt 0:00:50]} 10. Bxe7 {[%emt 0:01:01]} Nxe7 {[%emt 0:00:26]} 11. Be2 {[%emt 0:03:34]} b6 {[%emt 0:06:22] LiveBook: 13 Games} 12. O-O {[%emt 0:09:55]} Bb7 {[%emt 0:01:03]} 13. Qa4 {[%emt 0:08:42]} a6 {[%emt 0:06:29]} 14. dxc5 {[%emt 0:01:21]} Nxc5 {[%emt 0:00:34]} 15. Qc2 {[%emt 0:03:05]} Nd5 {[%emt 0:22:13]} 16. Rfd1 $11 {[%emt 0:01:04]} Qe7 {[%emt 0:01:30]} 17. Nxd5 {[%emt 0:03:16]} Bxd5 {[%emt 0:00:12]} 18. b4 {[%emt 0:01:40]} Ne4 {[%emt 0:01:32]} 19. Bd3 {[%emt 0:07:28]} Nf6 {[%emt 0:08:55]} 20. a3 {[%emt 0:05:31]} Qb7 {[%emt 0:02:56]} 21. Qe2 {[%emt 0:01:58]} a5 {[%emt 0:13:46]} 22. b5 {[%emt 0:00:39]} Rac8 {[%emt 0:00:10]} 23. Ne1 {[%emt 0:02:00]} Qe7 {[%emt 0:08:16]} 24. Qb2 {[%emt 0:00:22]} Bb7 {[%emt 0:02:39]} 25. Be2 {[%emt 0:05:06]} Nd5 {[%emt 0:03:04]} 26. Bf3 {[%emt 0:00:20]} Rfd8 {[%emt 0:02:25]} 27. Rxc8 {[%emt 0:08:26]} Rxc8 {[%emt 0:00:13]} 28. Rc1 {[%emt 0:00:08]} Rxc1 {[%emt 0:02:01]} 29. Qxc1 {[%emt 0:00:02]} e5 {[%emt 0:01:57]} 30. Be4 {[%emt 0:03:52]} g6 {[%emt 0:02:28]} 31. Qc4 {[%emt 0:02:03]} Qd6 {[%emt 0:00:26]} 32. g4 {[%emt 0:00:29]} Qe6 {[%emt 0:00:38]} 33. f3 {[%emt 0:00:43]} f5 {[%emt 0:00:21]} 34. gxf5 {[%emt 0:00:15]} gxf5 {[%emt 0:00:05]} 35. Bxf5 {[%emt 0:00:49]} Qxf5 {[%emt 0:00:05]} 36. e4 {[%emt 0:00:03]} Qf4 {[%emt 0:01:28]} 37. Ng2 {[%emt 0:00:40]} Qxf3 {[%emt 0:00:27]} 38. exd5 {[%emt 0:00:21]} Qxd5 {[%emt 0:01:48]} 39. Ne3 {[%emt 0:00:23]} Qf7 {[%emt 0:01:03]} 40. Qxf7+ {[%emt 0:00:27]} Kxf7 {[%emt 0:00:03]} 41. Nc4 {[%emt 0:30:03]} Ke6 {[%emt 0:30:52]} 42. Nxb6 {[%emt 0:00:10]} Be4 {[%emt 0:02:29]} 43. Nc4 {[%emt 0:02:28]} Kd5 {[%emt 0:00:00]} 44. Nxa5 {[%emt 0:00:00]} Kc5 {[%emt 0:00:00]} 45. b6 {[%emt 0:00:00]} Kxb6 {[%emt 0:00:00]} 46. Nc4+ {[%emt 0:00:00]} Kc5 {[%emt 0:00:00]} 47. Nxe5 {[%emt 0:00:00]} Kd4 {[%emt 0:00:00]} 48. Ng4 {[%emt 0:00:00]} h5 {[%emt 0:00:00]} 49. Nf6 {[%emt 0:00:00]} Bg6 {[%emt 0:00:00]} 50. Kf2 {[%emt 0:00:00]} Ke5 {[%emt 0:00:00]} 51. Nd7+ {[%emt 0:00:00]} Kd6 {[%emt 0:00:00]} 52. Nb6 {[%emt 0:00:00]} Kc5 {[%emt 0:00:00]} 53. Na4+ {[%emt 0:00:00]} Kc4 {[%emt 0:00:00]} 54. Nb2+ {[%emt 0:00:00]} Kb3 {[%emt 0:00:00]} 55. Nd1 {[%emt 0:00:00]} Kxa3 {[%emt 0:00:00]} 56. Kg3 {[%emt 0:00:00]} Kb4 {[%emt 0:00:00]} 57. Kf4 {[%emt 0:00:00]} Kc5 {[%emt 0:00:00]} 58. Ke5 {[%emt 0:00:00]} Kc6 {[%emt 0:00:00]} 59. h4 {[%emt 0:00:00]} Kd7 {[%emt 0:00:00]} 60. Kf6 {[%emt 0:00:00]} Be4 {[%emt 0:00:00]} 61. Ne3 {[%emt 0:00:00]} 1/2-1/2

[Event "18th Brasschaat Open 2018"]
[Site "Brasschaat"]
[Date "2018.08.22"]
[Round "5"]
[White "Van Dijck, Bjarne"]
[Black "Vande Ginste, Michiel"]
[Result "1-0"]
[WhiteElo "1932"]
[BlackElo "1762"]
[Annotator "NA"]
[PlyCount "41"]
[EventDate "2018.08.18"]
[EventType "swiss"]
[EventCountry "BEL"]
[SourceTitle "playchess.com"]
[Source "ChessBase"]
[SourceQuality "1"]
[TimeControl "40/5400+30:1800+30"]

1. e4 {[%emt 0:01:21]} c5 {[%emt 0:00:00]} 2. c3 {[%emt 0:00:21]} Nf6 {[%emt 0:00:00]} 3. e5 {[%emt 0:00:03]} Nd5 {[%emt 0:00:00]} 4. d4 {[%emt 0:00:04]} cxd4 {[%emt 0:00:00]} 5. cxd4 {[%emt 0:00:04]} b6 {[%emt 0:01:52]} 6. Nc3 {[%emt 0:24:13]} Bb7 {[%emt 0:00:41]} 7. Nf3 {[%emt 0:02:03] LiveBook: 5 Games} a6 {[%emt 0:04:06]} 8. Bc4 {[%emt 0:06:20]} Nxc3 {[%emt 0:07:55]} 9. bxc3 {[%emt 0:00:07]} b5 {[%emt 0:00:10]} (9... Qc7 $11 {bleibt in der Remisbreite.} 10. Be2 e6) 10. Bb3 {[%emt 0:01:57]} Qc7 {[%emt 0:01:26]} 11. Qd3 {[%emt 0:09:41]} Nc6 {[%emt 0:29:47]} 12. Bf4 {[%emt 0:06:17]} e6 $11 {[%emt 0:00:38]} 13. d5 {[%emt 0:09:07]} exd5 {[%emt 0:04:46]} 14. Bxd5 {[%emt 0:05:45]} Nd8 {[%emt 0:12:43]} 15. e6 {[%emt 0:09:28]} d6 {[%emt 0:00:06]} 16. exf7+ {[%emt 0:03:36]} Nxf7 {[%emt 0:00:16]} 17. Qe4+ {[%emt 0:02:30]} Be7 {[%emt 0:01:00]} 18. Bxb7 {[%emt 0:00:55]} Qxc3+ {[%emt 0:01:20]} 19. Ke2 {[%emt 0:00:06]} d5 {[%emt 0:00:52]} 20. Qxd5 {[%emt 0:01:46]} Qb2+ {[%emt 0:00:14]} 21. Qd2 {[%emt 0:14:46]} 1-0